[Event "Challenge"]
[Site "http://www.queenalice.com/game.php?id=1497662"]
[Date "2017.10.5"]
[Round "-"]
[White "mclemens"]
[Black "noodle"]
[Result "0-1"]
[WhiteElo "1100"]
[BlackElo "1696"]

1. d4 d5 2. Bf4 Nf6 3. Qd3 Nc6 4. e3 e6 5. c4 Bd6 6. cxd5 exd5 7. Nc3 Qe7 8.
O-O-O Nb4 9. Qb5+ c6 10. Qa4 b5 11. Qa5 Ne4 12. f3 Nf2 13. a3 Nxd1 14. Kxd1 Bxf4
15. exf4 Na6 16. Nge2 O-O 17. b4 Qe3 18. Kc2 Bf5+ 19. Kb3 Qd2 20. g4 Qc2# 0-1

[Event "Challenge"]
[Site "http://www.queenalice.com/game.php?id=1499232"]
[Date "2017.10.17"]
[Round "-"]
[White "mclemens"]
[Black "noodle"]
[Result "0-1"]
[WhiteElo "1100"]
[BlackElo "1738"]

1. c4 Nf6 2. d4 d5 3. e3 Nc6 4. Nc3 e5 5. b3 Qe7 6. cxd5 exd4 7. Nce2 Nxd5 8. f4
Nxe3 9. Bxe3 dxe3 10. Nd4 Qb4+ 11. Ke2 Nxd4+ 12. Kxe3 Qc3+ 13. Qd3 Nc2+ 14. Kf2
Qxa1 15. Qxc2 Bd7 16. Qe4+ Be7 17. Qxb7 Qxa2+ 18. Ne2 Rc8 19. Kf3 O-O 20. Ng3
Bd6 21. Bc4 Rce8 22. Rf1 Bc5 23. Ne2 Re3+ 24. Kf2 Rxb3+ 25. Ke1 Rb1+ 26. Nc1
Rxc1# 0-1

[Event "Challenge"]
[Site "http://www.queenalice.com/game.php?id=1500474"]
[Date "2017.10.25"]
[Round "-"]
[White "mclemens"]
[Black "noodle"]
[Result "0-1"]
[WhiteElo "1100"]
[BlackElo "1723"]

1. c4 Nf6 2. d4 d5 3. e3 Nc6 4. f4 e6 5. g4 b6 6. b3 h5 7. h3 hxg4 8. h4 g3 9.
a4 Ne4 10. Rh3 Nf2 11. Qf3 Nxh3 12. Nxh3 Qxh4 13. cxd5 g2+ 14. Qf2 gxf1=Q+ 15.
Kd2 Qhxf2+ 16. Nxf2 Qxf2+ 17. Kd3 Nb4+ 18. Kc4 Qe2+ 19. Kc3 Qc2# 0-1

[Event "Challenge"]
[Site "http://www.queenalice.com/game.php?id=1501887"]
[Date "2017.11.3"]
[Round "-"]
[White "mclemens"]
[Black "noodle"]
[Result "0-1"]
[WhiteElo "1100"]
[BlackElo "1609"]

1. c3 e5 2. d4 d6 3. g3 e4 4. Bf4 g5 5. Be3 g4 6. Bf4 d5 7. e3 Be6 8. h4 gxh3 9.
Nxh3 h5 10. f3 f5 11. Be5 Nf6 12. Ng5 Qd7 13. Bxf6 Rh6 14. Be5 Nc6 15. Bf4 O-O-O
16. Qa4 a6 17. Qb3 Na5 18. Qc2 exf3 19. Nxf3 Rh8 20. Nbd2 Qg7 21. Bh3 Bd6 22.
Rg1 Nc4 23. O-O-O Nxd2 24. Rxd2 Bxf4 25. exf4 Rhf8 26. Ng5 Bd7 27. Re2 Qg6 28.
Rge1 Kb8 29. c4 Qc6 30. b3 Rf6 31. Re5 dxc4 32. Qxc4 Qb6 33. Nh7 Rh6 34. Qf7
Qxd4 35. Bxf5 Bxf5 36. Rxf5 Qa1+ 37. Kc2 Rc6+ 38. Qc4 Qxe1 39. Rd5 Rxc4+ 40.
bxc4 Qe4+ 41. Kc3 Rxd5 42. cxd5 Qxh7 43. Kb4 Qe4+ 44. Kc5 Qa4 45. d6 cxd6+ 46.
Kxd6 Qe4 47. Kc5 Qd3 48. f5 Kc7 49. f6 b6+ 50. Kb4 a5+ 51. Ka4 Qc4+ 52. Ka3 Qb4#
0-1

[Event "Challenge"]
[Site "http://www.queenalice.com/game.php?id=1515071"]
[Date "2018.2.7"]
[Round "-"]
[White "mclemens"]
[Black "noodle"]
[Result "0-1"]
[WhiteElo "1100"]
[BlackElo "1611"]

1. d4 Nf6 2. f4 d5 3. e3 Nc6 4. c4 Bg4 5. Be2 e6 6. c5 h5 7. h3 Bxe2 8. Nxe2 Ne4
9. O-O f5 10. a3 g5 11. g3 g4 12. h4 b6 13. b4 bxc5 14. bxc5 Na5 15. Qa4+ c6 16.
Qxc6+ Nxc6 17. Nbc3 Nxc3 18. Nxc3 Na5 19. Nb5 Nb3 20. Bb2 Nxa1 21. Rxa1 Qa5 22.
Nc3 Rb8 23. Nd1 Qe1+ 24. Kg2 Qe2+ 25. Nf2 Rxb2 26. Rf1 Qf3+ 27. Kg1 Qxg3+ 28.
Kh1 Rxf2 29. Rxf2 Qxf2 30. c6 Rh7 31. e4 fxe4 32. f5 e3 33. fxe6 e2 34. e7 e1=R#
0-1

[Event "Challenge"]
[Site "http://www.queenalice.com/game.php?id=1518731"]
[Date "2018.3.7"]
[Round "-"]
[White "mclemens"]
[Black "noodle"]
[Result "0-1"]
[WhiteElo "1100"]
[BlackElo "1647"]

1. a4 d5 2. b3 e5 3. e3 e4 4. d4 c5 5. Ba3 b6 6. Nc3 Nf6 7. Bb5+ Bd7 8. Bxd7+
Qxd7 9. Nb5 a6 10. Nc3 Nc6 11. h3 cxd4 12. exd4 Bb4 13. Bxb4 Nxb4 14. g4 O-O 15.
g5 Ne8 16. Qg4 f5 17. Qe2 Rc8 18. h4 f4 19. f3 exf3 20. Nxf3 Qg4 21. Nxd5 Nxc2+
22. Kd2 Nxa1 23. Rxa1 Rd8 24. Qe4 Nd6 25. Qe2 Rde8 26. Ne5 f3 27. Qf2 Ne4+ 28.
Ke3 Nxf2 29. Kxf2 Qg2+ 30. Ke3 Qe2# 0-1

[Event "Challenge"]
[Site "http://www.queenalice.com/game.php?id=1521357"]
[Date "2018.3.27"]
[Round "-"]
[White "mclemens"]
[Black "noodle"]
[Result "0-1"]
[WhiteElo "1100"]
[BlackElo "1667"]

1. b4 e5 2. c4 Bxb4 3. a3 Bc5 4. Nc3 Nf6 5. Qa4 O-O 6. d3 d5 7. cxd5 Nxd5 8. Ne4
Nc6 9. Nxc5 Qd6 10. Qc4 a6 11. Ne4 Qd8 12. e3 Na5 13. Qa4 b6 14. Nf3 f5 15. Neg5
Qe7 16. e4 Nc3 17. Qb4 Qxb4 18. axb4 Nb3 19. Bb2 Nxa1 20. Bxa1 Na2 21. Bxe5 fxe4
22. dxe4 Nxb4 23. Bxc7 b5 24. g3 Ra7 25. Bd6 Nc2+ 26. Kd1 Rd8 27. e5 Bf5 28. Bh3
Bd3 29. Be6+ Kh8 30. Ne1 Nxe1 31. Kxe1 Re8 32. Bf7 Rc8 33. Kd2 Be4 34. Rc1 Bf5
35. e6 Rd8 36. Rc6 h6 37. e7 Rxe7 38. h4 Red7 39. Ne6 Bxe6 40. Bxe6 Rxd6+ 41.
Rxd6 Rxd6+ 42. Kc3 Rxe6 43. Kb4 Re1 44. Ka5 Rf1 45. Kxa6 b4 46. g4 b3 47. g5 h5
48. Kb6 b2 49. Kc7 b1=Q 50. Kd6 Re1 51. f4 Qd3+ 52. Kc5 Rc1+ 53. Kb4 Qd5 54. f5
Rc4+ 55. Kb3 Qd3+ 56. Kb2 Rc2+ 57. Kb1 Qd1# 0-1

[Event "Challenge"]
[Site "http://www.queenalice.com/game.php?id=1527652"]
[Date "2018.5.17"]
[Round "-"]
[White "mclemens"]
[Black "noodle"]
[Result "0-1"]
[WhiteElo "1100"]
[BlackElo "1690"]

1. Nf3 d5 2. Nd4 e5 3. Nb5 e4 4. e3 f5 5. c4 c6 6. N5c3 Nf6 7. d3 dxc4 8. dxe4
Qxd1+ 9. Kxd1 fxe4 10. Bxc4 b5 11. Bb3 Nbd7 12. Be6 Nc5 13. Bxc8 Rxc8 14. f3 Nd3
15. Bd2 Nf2+ 16. Kc2 Nxh1 17. Be1 exf3 18. gxf3 Bc5 19. e4 Nf2 20. Nd2 Rd8 21.
a3 Nd3 22. Bg3 O-O 23. e5 Nh5 24. Bh4 Rd5 25. Nb3 Rxe5 26. Ne4 Rxf3 27. Nexc5
Nxc5 28. Re1 Rxe1 29. Bxe1 Nxb3 30. Bc3 Na1+ 31. Kb1 Rf1+ 32. Ka2 Nf4 33. b4 Nc2
34. Kb3 Rf2 35. a4 Nd3 36. axb5 cxb5 37. Be5 Nxe5 38. Kc3 Ne1 39. Kd4 Re2 40.
Kc5 a6 41. Kb6 Rc2 42. Kxa6 Nc4 43. Kxb5 Nd3 44. Ka4 Rb2 45. b5 Nc5# 0-1

[Event "Challenge"]
[Site "http://www.queenalice.com/game.php?id=1535739"]
[Date "2018.7.21"]
[Round "-"]
[White "noodle"]
[Black "mclemens"]
[Result "1-0"]
[WhiteElo "1692"]
[BlackElo "1100"]

1. e4 d5 2. Nc3 Nf6 3. e5 Ne4 4. d4 g6 5. Nf3 c6 6. Bd3 Bf5 7. O-O f6 8. Bf4 g5
9. Bg3 Nd7 10. Qe2 e6 11. exf6 h6 12. Ne5 Ndxf6 13. f3 Nd6 14. Bxf5 exf5 15.
Ng6+ Be7 16. Nxh8 f4 17. Bf2 Kd7 18. Ng6 b5 19. Rae1 Ng8 20. Qe6+ Kc7 21. Nxe7
Nxe7 22. Qxh6 Nef5 23. Qe6 Qe8 24. Qxe8 Nxe8 25. Re5 Ned6 26. g4 Ne3 27. Bxe3
fxe3 28. Rxe3 Nc4 29. Re7+ Kd6 30. Rfe1 Re8 31. R1e6# 1-0

[Event "Challenge"]
[Site "http://www.queenalice.com/game.php?id=1538010"]
[Date "2018.8.7"]
[Round "-"]
[White "mclemens"]
[Black "noodle"]
[Result "0-1"]
[WhiteElo "1100"]
[BlackElo "1662"]

1. Nc3 e5 2. e4 Nc6 3. d3 Nf6 4. Be3 d5 5. Nxd5 Nxd5 6. exd5 Qxd5 7. Qf3 Qxf3 8.
Nxf3 Bf5 9. d4 Bxc2 10. Nxe5 f6 11. Nf3 O-O-O 12. Bc4 g5 13. d5 Na5 14. Be2 Rxd5
15. Rc1 Be4 16. Rd1 Rf5 17. Nd4 Re5 18. f3 Bg6 19. Nc2 Bxc2 20. Rd2 Bb4 21. Rf1
Rxe3 22. a3 Rxe2+ 23. Kxe2 Re8+ 24. Kf2 Bxd2 25. b4 Nb3 26. Kg3 h5 27. h4 Bf4+
28. Kf2 gxh4 29. Re1 Bg3+ 30. Kf1 Bd3+ 31. Re2 Rxe2 32. b5 Re1# 0-1

[Event "Challenge"]
[Site "http://www.queenalice.com/game.php?id=1540342"]
[Date "2018.8.27"]
[Round "-"]
[White "noodle"]
[Black "mclemens"]
[Result "1-0"]
[WhiteElo "1662"]
[BlackElo "1100"]

1. e4 d5 2. Nc3 c6 3. d4 e6 4. e5 f6 5. Nf3 Nd7 6. Qe2 c5 7. exf6 Ngxf6 8. dxc5
Nxc5 9. b4 Nce4 10. Nb5 Bxb4+ 11. Nd2 Nxd2 12. Bxd2 Bxd2+ 13. Qxd2 a6 14. Na3
Qd6 15. Qd3 O-O 16. Be2 g6 17. c4 d4 18. O-O e5 19. f3 Be6 20. g4 Rac8 21. g5
Nd7 22. Qe4 Qxa3 23. Qxb7 Qd6 24. Rfc1 Rc7 25. Qb3 Nc5 26. Qa3 d3 27. Bxd3 Nxd3
28. Qxd6 Rd7 29. Qxe6+ Rdf7 30. Rc3 Nf4 31. Qxe5 Rf5 32. Qe4 Rxg5+ 33. Kf1 Rg2
34. Rd1 Rxh2 35. Qe7 Rh1+ 36. Kf2 Rxd1 37. Rb3 Rf7 38. Rb8+ Kg7 39. Qe5+ Kh6 40.
Qe3 g5 41. Qe8 Rdd7 42. Rb6+ Ng6 43. Rxa6 Rg7 44. Rf6 Rdf7 45. Rxf7 Rxf7 46.
Qxf7 Kh5 47. Qxh7# 1-0

[Event "Challenge"]
[Site "http://www.queenalice.com/game.php?id=1542878"]
[Date "2018.9.19"]
[Round "-"]
[White "mclemens"]
[Black "noodle"]
[Result "0-1"]
[WhiteElo "1100"]
[BlackElo "1664"]

1. d4 d5 2. Bf4 Nf6 3. e3 Nc6 4. c4 e6 5. c5 h6 6. a3 g5 7. Be5 Bg7 8. b4 Nxe5
9. dxe5 Nd7 10. Nf3 Nxe5 11. Nd4 g4 12. f4 gxf3 13. gxf3 Ng6 14. c6 e5 15. Nb5
bxc6 16. N5c3 d4 17. Ne4 f5 18. Nc5 dxe3 19. Bc4 Qxd1+ 20. Kxd1 e4 21. fxe4 fxe4
22. Ra2 Bg4+ 23. Ke1 Bf3 24. Rg1 O-O-O 25. Be6+ Kb8 26. Nd7+ Ka8 27. Rxg6 Be5
28. Nxe5 Rd1# 0-1

[Event "Challenge"]
[Site "http://www.queenalice.com/game.php?id=1544150"]
[Date "2018.9.29"]
[Round "-"]
[White "mclemens"]
[Black "noodle"]
[Result "0-1"]
[WhiteElo "1100"]
[BlackElo "1711"]

1. d4 d5 2. Bf4 Nc6 3. e3 h6 4. Bd3 g5 5. Bg3 f5 6. f4 g4 7. h3 Nf6 8. hxg4 Nxg4
9. Qf3 Qd6 10. Ne2 Be6 11. b3 O-O-O 12. c4 dxc4 13. bxc4 Qb4+ 14. Nbc3 h5 15. d5
Bf7 16. O-O Na5 17. a3 Qb6 18. Bxf5+ e6 19. Rfb1 Qxe3+ 20. Qxe3 Nxe3 21. Be4
Naxc4 22. dxe6 Nd2 23. Bxb7+ Kb8 24. Rb2 Bxe6 25. Kf2 Nec4 26. Na4 Nxb2 27. Nxb2
Kxb7 28. Bh4 Bc5+ 29. Ke1 Rd6 30. Be7 Rd5 31. Bxc5 Nb3 32. Rd1 Rxc5 33. Nd4 Nxd4
34. Rxd4 Rg8 35. Nd3 Rc3 36. Kf2 Rxa3 37. Nc5+ Kb6 38. Nxe6 h4 39. Rd8 Rgg3 40.
Rb8+ Kc6 41. Nd8+ Kd7 42. f5 Ra2+ 43. Kf1 Rgxg2 44. Nf7 h3 45. Rh8 Ra1# 0-1

[Event "Challenge"]
[Site "http://www.queenalice.com/game.php?id=1546070"]
[Date "2018.10.15"]
[Round "-"]
[White "noodle"]
[Black "mclemens"]
[Result "1-0"]
[WhiteElo "1700"]
[BlackElo "1100"]

1. e4 e5 2. Nf3 f6 3. d4 d5 4. exd5 Qxd5 5. Bc4 Qxc4 6. b3 Bb4+ 7. Nfd2 Qxd4 8.
c3 Bxc3 9. Nxc3 Qxc3 10. Ba3 c5 11. O-O b6 12. Nc4 Ba6 13. Nd6+ Kd7 14. Nf7+ Qd4
15. Re1 Nc6 16. Nxh8 Nge7 17. Nf7 Ke8 18. Nd6+ Kd7 19. Ne4 Kc7 20. Rc1 f5 21.
Nc3 Rd8 22. Qxd4 cxd4 23. Na4 d3 24. Bxe7 Rd7 25. Rxe5 d2 26. Rd1 Nxe5 27. Bb4
b5 28. Nc5 Rd6 29. Bxd2 Bc8 30. f4 Ng4 31. h3 Nf6 32. Ba5+ Kc6 33. Rc1 Nd7 34.
Ne4+ Kd5 35. Nxd6 Kxd6 36. Rxc8 Nc5 37. Bb4 Kd5 38. Rxc5+ Ke4 39. Rxb5 a6 40.
Re5+ Kxf4 41. Ra5 Ke3 42. Rxa6 f4 43. a4 f3 44. gxf3 Kxf3 45. Rd6 g5 46. a5 Kg3
47. a6 Kxh3 48. a7 h5 49. a8=Q g4 50. Rd3+ g3 51. Qe4 h4 52. Qf5# 1-0

[Event "Challenge"]
[Site "http://www.queenalice.com/game.php?id=1549038"]
[Date "2018.11.12"]
[Round "-"]
[White "noodle"]
[Black "mclemens"]
[Result "0-1"]
[WhiteElo "1730"]
[BlackElo "1100"]

1. e4 d5 2. Nc3 c6 3. d4 Nf6 4. e5 Ne4 5. f4 f6 6. Nf3 Bf5 7. h3 h5 8. Be3 g5 9.
fxg5 Rg8 10. h4 Bg4 11. Ne2 Qa5+ 12. Bd2 Qa4 13. b3 Qa3 14. c4 dxc4 15. g3 cxb3
16. axb3 Qb2 17. Rb1 Qa2 18. Bg2 f5 19. Nc3 Qa6 20. Bf1 b5 21. b4 e6 22. Be2
Nxg3 23. Rh2 f4 24. Bxf4 Qa3 25. Qd3 Bxb4 26. Bxg3 Qxc3+ 27. Qxc3 Bxc3+ 28. Kf2
Rf8 29. Ke3 Nd7 30. Be1 Bxe1 31. Rxe1 c5 32. Bxb5 Rxf3+ 33. Kd2 cxd4 34. Ra1 Rh3
35. Rxh3 Bxh3 36. g6 O-O-O 37. Rxa7 Nxe5 38. Bd3 Rg8 39. Ba6+ Kb8 40. Rb7+ Ka8
41. g7 Bf1 42. Rb6 Ka7 43. Rxe6 Nf3+ 44. Kd1 Bxa6 45. Rg6 Ne5 46. Rg5 Ng4 47.
Rxh5 Rxg7 48. Rg5 Rxg5 49. hxg5 Ne5 50. Kd2 Nf3+ 51. Kd1 Nxg5 52. Ke1 Nf3+ 53.
Kf2 Bb7 54. Ke2 Be4 55. Kf2 d3 56. Ke3 Ng5 57. Kf4 d2 58. Kxg5 d1=Q 59. Kf4 Qf3+
60. Ke5 Bd5 61. Kd6 Kb6 62. Ke5 Qe4+ 63. Kd6 Qe6# 0-1